[Event "Tczew-ch"]
[Site "Tczew"]
[Date "2008.10.28"]
[Round "2.8"]
[White "Herold, Henryk"]
[Black "Handke, Wlodzimierz"]
[Result "1-0"]
[WhiteElo "1412"]
[BlackElo "1554"]
[PlyCount "131"]
[EventDate "2008.10.21"]
[EventType "swiss"]
[EventRounds "9"]
[EventCountry "POL"]
[SourceTitle "EXT 2023"]
[Source "ChessBase"]
[SourceDate "2022.10.05"]
[SourceVersion "1"]
[SourceVersionDate "2022.10.05"]
[SourceQuality "1"]

1. e4 e5 2. Nf3 Nc6 3. Bc4 Nf6 4. Nc3 Bc5 5. 0-0 h6 6. Bd5 0-0 7. Bxc6 bxc6 8. Nxe5 Qe7 9. d4 Bd6 10. f4 Bb4 11. Re1 Bb7 12. Bd2 Rad8 13. Qe2 d6 14. a3 Ba5 15. Nc4 Ba6 16. b3 c5 17. Qf3 Bb6 18. Nxb6 cxb6 19. e5 Bb7 20. Qg3 Nd5 21. Nxd5 Bxd5 22. c4 Be6 23. d5 Bf5 24. exd6 Qxd6 25. Bc3 f6 26. Re3 Rde8 27. Rae1 Rxe3 28. Qxe3 a6 29. b4 Bg6 30. Qe6+ Qxe6 31. Rxe6 Bf7 32. Rxb6 cxb4 33. axb4 Rc8 34. c5 Bxd5 35. Rxa6 Kf7 36. g4 Bc4 37. Ra7+ Kg8 38. h4 Be2 39. g5 Rf8 40. gxf6 gxf6 41. Kf2 Bc4 42. Kg3 Bb5 43. Ra5 Bc4 44. b5 f5 45. Be5 Rd8 46. Bd6 Bd5 47. Ra7 Ra8 48. Rxa8+ Bxa8 49. c6 Kf7 50. Kf3 Ke6 51. Bc7 Kd5 52. Ke3 h5 53. Bb6 Kc4 54. c7 Bb7 55. Ba7 Kxb5 56. Kd4 Kc6 57. Bb8 Kd7 58. Ke5 Bc8 59. Kf6 Kd6 60. Kg5 Kd5 61. Kxh5 Ke4 62. Kg5 Kd5 63. h5 Ke6 64. Kg6 Kd5 65. h6 Ke4 66. Kg5 1-0

[Event "Tczew-ch"]
[Site "Tczew"]
[Date "2008.10.21"]
[Round "1.3"]
[White "Handke, Wlodzimierz"]
[Black "Ziemann, Jaroslaw"]
[Result "0-1"]
[WhiteElo "1554"]
[BlackElo "1978"]
[PlyCount "82"]
[EventDate "2008.10.21"]
[EventType "swiss"]
[EventRounds "9"]
[EventCountry "POL"]
[SourceTitle "EXT 2023"]
[Source "ChessBase"]
[SourceDate "2022.10.05"]
[SourceVersion "1"]
[SourceVersionDate "2022.10.05"]
[SourceQuality "1"]

1. e4 c5 2. d4 cxd4 3. Qxd4 Nf6 4. Nc3 Nc6 5. Qd1 d6 6. Nf3 a6 7. Bc4 e6 8. Bg5 Be7 9. 0-0 0-0 10. Re1 Qc7 11. Nh4 Qa5 12. Qd2 Qc7 13. Qe2 b5 14. Bd3 Bb7 15. f3 h6 16. Bf4 g5 17. e5 dxe5 18. Bxe5 Nxe5 19. Qxe5 Qxe5 20. Rxe5 gxh4 21. a3 h3 22. Rae1 hxg2 23. Kxg2 Kh8 24. Kf2 Rg8 25. Ne2 Bd6 26. Nc3 Bxe5 27. Rxe5 Rg5 28. Rxg5 hxg5 29. Ne2 Nd5 30. Kg3 f5 31. Nd4 Nf4 32. Bf1 Rf8 33. b4 e5 34. Nb3 Nh5+ 35. Kf2 g4 36. f4 exf4 37. Nd4 g3+ 38. hxg3 fxg3+ 39. Kg1 f4 40. Ne6 f3 41. Nxf8 f2# 0-1

[Event "Tczew-ch UKS Centrum"]
[Site "Tczew"]
[Date "2008.04.15"]
[Round "5"]
[White "Handke, Wlodzimierz"]
[Black "Ziemann, Jaroslaw"]
[Result "0-1"]
[WhiteElo "1570"]
[BlackElo "2003"]
[PlyCount "78"]
[EventDate "2008.04.01"]
[EventType "tourn"]
[EventRounds "9"]
[EventCountry "POL"]
[SourceTitle "EXT 2023"]
[Source "ChessBase"]
[SourceDate "2022.10.05"]
[SourceVersion "1"]
[SourceVersionDate "2022.10.05"]
[SourceQuality "1"]

1. e4 c5 2. Nf3 d6 3. Nc3 Nf6 4. e5 dxe5 5. Nxe5 a6 6. Qf3 e6 7. d3 Bd6 8. Bf4 0-0 9. Be2 Ra7 10. Qe3 Nd5 11. Nxd5 exd5 12. b4 d4 13. Qg3 cxb4 14. 0-0 b5 15. Bh6 Bxe5 16. Qxe5 gxh6 17. Qxb8 Qc7 18. Qxc7 Rxc7 19. Rfc1 Be6 20. Kf1 Rc3 21. Bf3 a5 22. Bc6 Rxc6 23. Ke2 Rfc8 24. Kd2 Rc3 25. f3 R8c5 26. g4 a4 27. h4 Ra3 28. Rab1 Rxa2 29. Rxb4 Bb3 30. Rxd4 Rcxc2+ 31. Rxc2 Rxc2+ 32. Ke3 a3 33. Rd8+ Kg7 34. f4 a2 35. Ra8 Ba4 36. g5 hxg5 37. fxg5 a1Q 38. h5 Re2+ 39. Kf3 Qf1+ 0-1

[Event "Tczew-ch UKS Centrum"]
[Site "Tczew"]
[Date "2008.04.02"]
[Round "2"]
[White "Handke, Wlodzimierz"]
[Black "Bodio, Leszek"]
[Result "0-1"]
[WhiteElo "1570"]
[BlackElo "1820"]
[PlyCount "114"]
[EventDate "2008.04.01"]
[EventType "tourn"]
[EventRounds "9"]
[EventCountry "POL"]
[SourceTitle "EXT 2023"]
[Source "ChessBase"]
[SourceDate "2022.10.05"]
[SourceVersion "1"]
[SourceVersionDate "2022.10.05"]
[SourceQuality "1"]

1. e4 e5 2. Bc4 Nf6 3. Nc3 Nc6 4. Nf3 Be7 5. d3 d6 6. h3 Na5 7. b3 c6 8. b4 Nxc4 9. dxc4 d5 10. cxd5 Bxb4 11. Bb2 Nxe4 12. Qd3 Qa5 13. 0-0 Nxc3 14. a3 Nxd5 15. axb4 Qxb4 16. Bxe5 0-0 17. Ng5 Qh4 18. Nf3 Qh5 19. Ra4 Qf5 20. Re4 Nf6 21. Bxf6 Qxf6 22. Rfe1 Bf5 23. Qb3 Bxe4 24. Rxe4 Qd6 25. Nd4 Rae8 26. Nf5 Qd1+ 27. Kh2 Rxe4 28. Qg3 g6 29. Nh6+ Kh8 30. Qb3 Qd6+ 31. g3 Kg7 32. Ng4 Rxg4 33. hxg4 Qd5 34. Qxb7 Re8 35. Qb2+ Kh6 36. Qc1+ g5 37. Qb2 Re6 38. Qa3 Kg7 39. Qb2+ Kg6 40. Qb8 Kg7 41. Qb2+ Qe5 42. Qc1 Rh6+ 43. Kg2 Qd5+ 44. f3 Rf6 45. Kh3 Rxf3 46. Qb2+ Rf6 47. Kh2 Qf3 48. Qd4 c5 49. Qe5 Qxg4 50. Qxc5 Rh6+ 51. Kg2 Qe2+ 52. Kg1 Qh2+ 53. Kf1 Qxg3 54. Qd4+ Rf6+ 55. Ke2 h5 56. Kd2 Qf4+ 57. Kc3 Qxd4+ 0-1